000 01021cam a2200169 4500500
005 20260426014430.0
041 _afre
042 _adc
100 1 0 _aEvenou, Didier
_eauthor
700 1 0 _aPelca, Dominique
_eauthor
245 0 0 _aLe Réseau bronchiolite Ile-de-France : une dynamique en constant renouvellement
260 _c2005.
500 _a5
520 _aRésuméL’article retrace l’histoire d’un réseau de santé, remarquable par l’efficacité de ses pratiques et par son ampleur – un millier de professionnels en Ile-de-France. Il analyse les différentes raisons de ce succès, qui tiennent à la fois à des facteurs contingents, à des dispositifs institutionnels et, plus fondamentalement, à une dynamique d’autonomisation de la profession de kinésithérapeute par rapport au monde médical.
786 0 _nSociologies pratiques | 11 | 2 | 2005-09-01 | p. 73-85 | 1235-9278
856 4 1 _uhttps://shs.cairn.info/revue-sociologies-pratiques-2005-2-page-73?lang=fr&redirect-ssocas=7080
999 _c2224950
_d2224950